[Event "Mitropa Online Cup Women 2021"]
[Site "Hybrid"]
[Date "2021.05.04"]
[Round "2.9"]
[White "Movsesian, Julia"]
[Black "Brunello, Marina"]
[Result "1/2-1/2"]
[WhiteElo "2342"]
[BlackElo "2367"]
[Annotator "NA"]
[PlyCount "77"]
[EventDate "2021.05.04"]
[EventType "team-tourn"]
[EventCountry "NET"]
[SourceTitle "playchess.com"]
[Source "ChessBase"]
[SourceQuality "1"]
[WhiteTeam "Slovakia"]
[BlackTeam "Italy"]
[WhiteTeamCountry "SVK"]
[BlackTeamCountry "ITA"]
[TimeControl "40/5400+30:1800+30"]

1. Nf3 {[%emt 0:00:00]} d5 {[%emt 0:00:14]} 2. g3 {[%emt 0:00:10]} c6 {[%emt 0:02:33]} 3. Bg2 {[%emt 0:00:47]} Bg4 {[%emt 0:01:09]} 4. d3 {[%emt 0:01:36]} e6 {[%emt 0:00:23]} 5. O-O {[%emt 0:04:21]} Bd6 {[%emt 0:00:11]} 6. Nbd2 {[%emt 0:01:01]} Ne7 {[%emt 0:01:02]} 7. b3 {[%emt 0:02:55]} Nd7 {[%emt 0:02:57]} 8. Bb2 {[%emt 0:00:35]} O-O {[%emt 0:00:05]} 9. e4 {[%emt 0:01:56]} Qc7 {[%emt 0:09:53]} 10. Qe1 {[%emt 0:03:19]} f6 {[%emt 0:04:55]} 11. d4 {[%emt 0:02:43]} e5 {[%emt 0:26:50]} 12. c4 {[%emt 0:11:57]} dxc4 {[%emt 0:12:22]} 13. Nxc4 {[%emt 0:04:20]} Ng6 {[%emt 0:01:20]} 14. Rd1 {[%emt 0:05:39]} exd4 {[%emt 0:06:09]} 15. Nxd4 {[%emt 0:04:11]} Bc5 {[%emt 0:02:50]} 16. b4 {[%emt 0:17:54]} Nb6 {[%emt 0:02:18]} 17. Nxb6 {[%emt 0:10:11]} Bxb6 {[%emt 0:01:05]} 18. Rd2 {[%emt 0:07:51]} Ne5 {[%emt 0:01:35]} 19. Qc1 {[%emt 0:02:27]} Qf7 {[%emt 0:00:42]} 20. h3 {[%emt 0:04:42]} Bc8 {[%emt 0:04:04]} 21. Nf5 {[%emt 0:02:02]} Nc4 {[%emt 0:01:50]} 22. Ne7+ {[%emt 0:03:39]} Qxe7 {[%emt 0:01:09]} 23. Qxc4+ {[%emt 0:00:12]} Be6 {[%emt 0:00:03]} 24. Qc1 {[%emt 0:00:23]} Rfd8 {[%emt 0:00:49]} 25. Bc3 {[%emt 0:01:21]} Rxd2 {[%emt 0:00:24]} 26. Qxd2 {[%emt 0:00:06]} Rd8 {[%emt 0:00:03]} 27. Qb2 {[%emt 0:00:09]} Rd3 {[%emt 0:05:22]} 28. Kh2 {[%emt 0:01:26]} Qd7 {[%emt 0:00:08]} 29. Rc1 {[%emt 0:02:24]} Bd4 {[%emt 0:00:48]} 30. Bf1 {[%emt 0:01:54]} Bxc3 {[%emt 0:00:35]} 31. Rxc3 {[%emt 0:00:04]} Rxc3 {[%emt 0:01:22]} 32. Qxc3 {[%emt 0:00:02]} Bxa2 {[%emt 0:00:09]} 33. Qa3 {[%emt 0:00:02]} Bf7 {[%emt 0:04:19]} 34. Qxa7 {[%emt 0:00:04]} Be6 {[%emt 0:01:12]} 35. Qb8+ {[%emt 0:00:24]} Qc8 {[%emt 0:00:28]} 36. Qd6 {[%emt 0:00:04]} Qd7 {[%emt 0:00:21]} 37. Qb8+ {[%emt 0:00:03]} Qc8 {[%emt 0:00:04]} 38. Qd6 {[%emt 0:00:03]} Qd7 {[%emt 0:00:18]} 39. Qb8+ {[%emt 0:00:23]} 1/2-1/2

[Event "Mitropa Online Cup Women 2021"]
[Site "Hybrid"]
[Date "2021.05.04"]
[Round "2.10"]
[White "Zimina, Olga"]
[Black "Sankova, Stella"]
[Result "1-0"]
[WhiteElo "2354"]
[BlackElo "2087"]
[Annotator "NA"]
[PlyCount "73"]
[EventDate "2021.05.04"]
[EventType "team-tourn"]
[EventCountry "NET"]
[SourceTitle "playchess.com"]
[Source "ChessBase"]
[SourceQuality "1"]
[WhiteTeam "Italy"]
[BlackTeam "Slovakia"]
[WhiteTeamCountry "ITA"]
[BlackTeamCountry "SVK"]
[TimeControl "40/5400+30:1800+30"]

1. d4 {[%emt 0:00:00]} Nf6 {[%emt 0:00:11]} 2. c4 {[%emt 0:00:10]} e6 {[%emt 0:00:15]} 3. g3 {[%emt 0:00:37]} d5 {[%emt 0:00:17]} 4. Bg2 {[%emt 0:00:09]} Bb4+ {[%emt 0:00:14]} 5. Nd2 {[%emt 0:00:11]} O-O {[%emt 0:01:07]} 6. Ngf3 {[%emt 0:00:17]} dxc4 {[%emt 0:02:27]} 7. O-O {[%emt 0:00:58]} c5 {[%emt 0:05:48]} 8. Nxc4 {[%emt 0:01:29]} cxd4 {[%emt 0:02:57]} 9. Nxd4 {[%emt 0:00:35]} Qc7 {[%emt 0:00:22]} 10. Qb3 {[%emt 0:02:40]} Nd5 {[%emt 0:15:57]} 11. e4 {[%emt 0:16:27]} Nb6 {[%emt 0:00:16]} 12. Qxb4 {[%emt 0:01:57]} Na6 {[%emt 0:03:36]} 13. Nb5 {[%emt 0:09:52]} Qxc4 {[%emt 0:03:42]} 14. Qxc4 {[%emt 0:00:32]} Nxc4 {[%emt 0:00:04]} 15. Rd1 {[%emt 0:14:50]} e5 {[%emt 0:04:09]} 16. b3 {[%emt 0:00:43]} Na5 {[%emt 0:01:17]} 17. Ba3 {[%emt 0:01:41]} Re8 {[%emt 0:00:48]} 18. Nd6 {[%emt 0:00:56]} Rd8 {[%emt 0:02:27]} 19. Nxc8 {[%emt 0:01:13]} Raxc8 {[%emt 0:01:20]} 20. Bh3 {[%emt 0:00:51]} Ra8 {[%emt 0:04:10]} 21. f4 {[%emt 0:01:04]} Nc6 {[%emt 0:02:20]} 22. Bd6 {[%emt 0:00:29]} Nd4 {[%emt 0:10:03]} 23. fxe5 {[%emt 0:01:42]} Nf3+ {[%emt 0:03:25]} 24. Kf2 {[%emt 0:04:54]} Ng5 {[%emt 0:00:25]} 25. Bg2 {[%emt 0:00:04]} Rac8 {[%emt 0:03:08]} 26. Rac1 {[%emt 0:01:10]} Rxc1 {[%emt 0:02:24]} 27. Rxc1 {[%emt 0:00:08]} f6 {[%emt 0:00:25]} 28. Ke3 {[%emt 0:00:58]} Kf7 {[%emt 0:07:34]} 29. Bf1 {[%emt 0:01:42]} fxe5 {[%emt 0:02:04]} 30. Bxe5 {[%emt 0:06:38]} Re8 {[%emt 0:02:20]} 31. Bxa6 {[%emt 0:05:05]} bxa6 {[%emt 0:00:23]} 32. Rc7+ {[%emt 0:03:53]} Kg6 {[%emt 0:00:29]} 33. Rxg7+ {[%emt 0:04:33]} Kh6 {[%emt 0:01:07]} 34. Bb2 {[%emt 0:00:15]} Nxe4 {[%emt 0:01:22]} 35. Rxa7 {[%emt 0:01:33]} Re6 {[%emt 0:02:56]} 36. Kf4 {[%emt 0:02:59]} Nc5 {[%emt 0:03:11]} 37. Kf5 {[%emt 0:00:54]} 1-0

[Event "Mitropa Online Cup Women 2021"]
[Site "Hybrid"]
[Date "2021.05.04"]
[Round "2.11"]
[White "Ferkova, Dominika"]
[Black "Raccanello, Marianna"]
[Result "0-1"]
[WhiteElo "2006"]
[BlackElo "2140"]
[Annotator "NA"]
[PlyCount "76"]
[EventDate "2021.05.04"]
[EventType "team-tourn"]
[EventCountry "NET"]
[SourceTitle "playchess.com"]
[Source "ChessBase"]
[SourceQuality "1"]
[WhiteTeam "Slovakia"]
[BlackTeam "Italy"]
[WhiteTeamCountry "SVK"]
[BlackTeamCountry "ITA"]
[TimeControl "40/5400+30:1800+30"]

1. d4 {[%emt 0:00:00]} Nf6 {[%emt 0:00:05]} 2. c4 {[%emt 0:00:07]} g6 {[%emt 0:00:05]} 3. Nc3 {[%emt 0:00:06]} Bg7 {[%emt 0:00:08]} 4. e4 {[%emt 0:00:08]} d6 {[%emt 0:00:04]} 5. f3 {[%emt 0:00:10]} O-O {[%emt 0:00:14]} 6. Be3 {[%emt 0:00:08]} Nc6 {[%emt 0:00:10]} 7. Nge2 {[%emt 0:03:26]} a6 {[%emt 0:00:29]} 8. Qd2 {[%emt 0:02:23]} Rb8 {[%emt 0:00:06]} 9. a4 {[%emt 0:03:01]} Bd7 {[%emt 0:05:28]} 10. Rb1 {[%emt 0:08:47]} e5 {[%emt 0:10:01]} 11. d5 {[%emt 0:03:16]} Nb4 {[%emt 0:00:15]} 12. c5 {[%emt 0:05:18]} Qe7 {[%emt 0:01:57]} 13. cxd6 {[%emt 0:04:47]} Qxd6 {[%emt 0:06:50]} 14. Nc1 {[%emt 0:05:48]} c5 {[%emt 0:08:03]} 15. a5 {[%emt 0:14:57]} Rfc8 {[%emt 0:07:29]} 16. Bc4 {[%emt 0:02:03]} Ne8 {[%emt 0:09:11]} 17. O-O {[%emt 0:02:58]} b5 {[%emt 0:03:04]} 18. axb6 {[%emt 0:01:19]} Qxb6 {[%emt 0:03:22]} 19. f4 {[%emt 0:11:25]} Nd6 {[%emt 0:01:31]} 20. Be2 {[%emt 0:04:12]} f5 {[%emt 0:02:09]} 21. fxe5 {[%emt 0:10:08]} Bxe5 {[%emt 0:01:04]} 22. Nd3 {[%emt 0:03:56]} Nc4 {[%emt 0:06:38]} 23. Qc1 {[%emt 0:04:16]} Nxd3 {[%emt 0:00:11]} 24. Bxd3 {[%emt 0:00:25]} Nxe3 {[%emt 0:00:04]} 25. Rf3 {[%emt 0:00:28]} Ng4 {[%emt 0:00:32]} 26. Bc4 {[%emt 0:01:38]} Bd4+ {[%emt 0:01:31]} 27. Kh1 {[%emt 0:00:31]} Nf2+ {[%emt 0:00:10]} 28. Rxf2 {[%emt 0:00:05]} Bxf2 {[%emt 0:00:11]} 29. d6+ {[%emt 0:03:34]} Kg7 {[%emt 0:00:26]} 30. Qf4 {[%emt 0:01:58]} Bd4 {[%emt 0:00:55]} 31. Nd5 {[%emt 0:00:05]} Qb7 {[%emt 0:01:23]} 32. exf5 {[%emt 0:03:15]} Bxf5 {[%emt 0:00:18]} 33. Re1 {[%emt 0:00:03]} Re8 {[%emt 0:01:17]} 34. Ne7 {[%emt 0:00:02]} Qd7 {[%emt 0:01:34]} 35. g4 {[%emt 0:00:47]} Bxg4 {[%emt 0:05:06]} 36. Qf7+ {[%emt 0:00:03]} Kh8 {[%emt 0:00:10]} 37. Rf1 {[%emt 0:02:11]} Qxd6 {[%emt 0:01:52]} 38. Nd5 {[%emt 0:00:34]} Rf8 {[%emt 0:00:34]} 0-1

[Event "Mitropa Online Cup Women 2021"]
[Site "Hybrid"]
[Date "2021.05.04"]
[Round "2.12"]
[White "Grimaldi, Angela Flavia"]
[Black "Taragelova, Martina"]
[Result "1/2-1/2"]
[WhiteElo "2060"]
[BlackElo "2010"]
[Annotator "NA"]
[PlyCount "64"]
[EventDate "2021.05.04"]
[EventType "team-tourn"]
[EventCountry "NET"]
[SourceTitle "playchess.com"]
[Source "ChessBase"]
[SourceQuality "1"]
[WhiteTeam "Italy"]
[BlackTeam "Slovakia"]
[WhiteTeamCountry "ITA"]
[BlackTeamCountry "SVK"]
[TimeControl "40/5400+30:1800+30"]

1. e4 {[%emt 0:00:00]} e5 {[%emt 0:00:18]} 2. Nf3 {[%emt 0:00:13]} Nc6 {[%emt 0:00:15]} 3. Bc4 {[%emt 0:00:04]} Bc5 {[%emt 0:00:15]} 4. c3 {[%emt 0:00:04]} Nf6 {[%emt 0:00:25]} 5. d3 {[%emt 0:00:04]} d6 {[%emt 0:00:25]} 6. O-O {[%emt 0:00:43]} O-O {[%emt 0:00:24]} 7. Nbd2 {[%emt 0:00:07]} h6 {[%emt 0:01:34]} 8. h3 {[%emt 0:00:18]} a6 {[%emt 0:01:08]} 9. Bb3 {[%emt 0:00:04]} Re8 {[%emt 0:01:25]} 10. Re1 {[%emt 0:00:35]} Be6 {[%emt 0:01:23]} 11. Nf1 {[%emt 0:00:13]} d5 {[%emt 0:08:35]} 12. exd5 {[%emt 0:15:30]} Bxd5 {[%emt 0:02:03]} 13. Be3 {[%emt 0:09:31]} Bxe3 {[%emt 0:08:30]} 14. Rxe3 {[%emt 0:20:33]} Qd6 {[%emt 0:09:31]} 15. Ng3 {[%emt 0:01:57]} g6 {[%emt 0:07:04]} 16. Ne4 {[%emt 0:04:14]} Bxe4 {[%emt 0:03:52]} 17. dxe4 {[%emt 0:00:23]} Rad8 {[%emt 0:02:46]} 18. Re1 {[%emt 0:09:06]} Re7 {[%emt 0:09:40]} 19. Qc1 {[%emt 0:06:47]} Kg7 {[%emt 0:02:30]} 20. Qe3 {[%emt 0:03:41]} Qd3 {[%emt 0:03:58]} 21. Rad1 {[%emt 0:06:22]} Qxe3 {[%emt 0:01:01]} 22. Rxe3 {[%emt 0:00:26]} Rxd1+ {[%emt 0:02:31]} 23. Bxd1 {[%emt 0:00:23]} Rd7 {[%emt 0:00:24]} 24. Bc2 {[%emt 0:00:27]} Kf8 {[%emt 0:04:06]} 25. Rd3 {[%emt 0:01:14]} Ke7 {[%emt 0:01:52]} 26. Kf1 {[%emt 0:01:17]} Rxd3 {[%emt 0:06:10]} 27. Bxd3 {[%emt 0:00:04]} Nd7 {[%emt 0:00:59]} 28. Nd2 {[%emt 0:02:40]} Nc5 {[%emt 0:02:13]} 29. Bc2 {[%emt 0:00:55]} Ne6 {[%emt 0:05:11]} 30. g3 {[%emt 0:00:46]} Nb8 {[%emt 0:02:13]} 31. Nc4 {[%emt 0:01:27]} Nd7 {[%emt 0:00:52]} 32. Ke2 {[%emt 0:01:47]} f6 {[%emt 0:04:30]} 1/2-1/2

[Event "Mitropa Online Cup Women 2021"]
[Site "Hybrid"]
[Date "2021.05.04"]
[Round "2.13"]
[White "Olsarova, Karolina"]
[Black "Janzelj, Lara"]
[Result "1/2-1/2"]
[WhiteElo "2290"]
[BlackElo "2212"]
[Annotator "TA"]
[PlyCount "156"]
[EventDate "2021.05.04"]
[EventType "team-tourn"]
[EventCountry "NET"]
[SourceTitle "playchess.com"]
[Source "ChessBase"]
[SourceQuality "1"]
[WhiteTeam "Czech Republic"]
[BlackTeam "Slovenia"]
[WhiteTeamCountry "CZE"]
[BlackTeamCountry "SLO"]

{[%evp 22,156,39,35,26,25,37,30,59,28,57,69,76,65,79,14,12,19,101,146,182,193,188,163,201,203,218,155,127,75,131,26,53,27,41,16,160,179,431,89,113,0,124,104,864,870,840,103,123,122,596,589,572,539,539,495,552,318,338,285,287,37,92,95,139,151,148,158,137,34,43,51,41,-22,-22,-22,-22,-22,-22,-63,-31,-42,0,0,32,-103,-66,-181,-12,-81,0,0,0,-45,-44,-68,-68,-65,0,0,0,0,16,16,16,16,16,16,16,16,16,16,16,16,16,13,16,13,16,16,16,13,16,16,16,13,16,13,16,12,16,12,16,15,16,12,16]} 1. e4 e5 2. Nf3 Nc6 3. Bb5 a6 4. Ba4 Nf6 5. O-O Be7 6. Re1 b5 7. Bb3 d6 8. c3 O-O 9. h3 Nb8 10. d4 Nbd7 11. c4 c6 12. Nc3 Rb8 {C95: Closed Ruy Lopez: Breyer Variation with 10 d4.} 13. a3 Qc7 14. Qc2 {[#]} Qb6 $146 {White has an edge.} ({Predecessor:} 14... h6 15. Be3 bxc4 16. Bxc4 d5 17. Bd3 Bd6 18. Rad1 Bb7 19. b4 a5 20. dxe5 Nxe5 21. Nxe5 Bxe5 {½-½ (77) Fedorchuk,S (2626)-Kelires,A (2530) Rio Achaea 2018}) 15. cxb5 (15. c5 $5 Qc7 16. cxd6 Bxd6 17. Be3 $11) 15... axb5 16. Be3 Qb7 17. Red1 h6 18. Rac1 (18. a4 $16) 18... exd4 $11 19. Nxd4 Nc5 (19... Ne5 $11 {remains equal.}) 20. Ba2 $1 $16 Bd7 21. b4 Na6 22. Nde2 Rfd8 23. Nf4 Ra8 24. Qb3 Be8 25. f3 (25. Ng6 $142 $1) 25... Nd7 {[#]} (25... Nc7 $142) 26. Nh5 (26. Ne6 $1 $16 {[%mdl 512]}) 26... Ne5 27. Bd4 Bf8 28. Ne2 Qe7 (28... Nc7 $11 {keeps the balance.}) 29. f4 $1 $36 {[%mdl 2048] White is in control.} Ng6 $2 (29... c5 {was called for.}) 30. Qf3 $2 (30. Qb2 $18 {[%cal Rd4g7]} Nxb4 31. Bb3 (31. Qxb4 c5 $11) 31... Qxe4 32. axb4) 30... Nxb4 31. Bb3 (31. Bb1 $16 c5 32. Bxg7 $1 (32. axb4 cxd4 33. Nxd4 d5 $11) 32... Bxg7 33. Nxg7 Kxg7 34. axb4) 31... Na6 (31... Rxa3 $11 32. Bxf7+ Bxf7 33. Qxa3 c5) 32. Neg3 {[%mdl 1024] White has strong compensation.} Nh4 {[%mdl 8192]} (32... Nc5 $16) 33. Qg4 $18 Bd7 34. f5 $2 (34. Nf5 $18 {and the rest is easy.} Nxf5 35. exf5) 34... Qg5 $16 35. Qe2 $1 {And now Be3 would win.} Re8 $2 {[%mdl 8192]} (35... Nc5 $16 {is more resistant.} 36. Be3 Qe7) 36. Be3 $18 Qd8 37. Qg4 d5 38. Bxh6 Ng6 39. exd5 {Strongly threatening Bxg7.} c5 40. Bg5 Qb6 41. Ne4 $2 (41. Bc2 $18) 41... Rxe4 42. Qxe4 $16 Re8 43. Qf3 c4+ 44. Kh1 {Black must now prevent d6.} cxb3 45. fxg6 (45. d6 $1 $16 Ne5 46. Qg3) 45... Qxg6 $14 {[#]} 46. Bf6 Bf5 {[#] next ...Be4 is good for Black.} 47. Bb2 ({White should try} 47. Bxg7 $1 $14 Bxg7 48. Rc6) 47... Be4 $11 48. Qg4 Qxg4 49. hxg4 Bc2 50. Re1 Rd8 51. Re2 b4 52. axb4 Nxb4 53. Bc3 (53. Rce1 $14 {stays ahead.} f6 54. Re8 Rxe8 55. Rxe8) 53... Nxd5 54. Rd2 {[#]} Ba3 $2 (54... Rc8 $1 $19 55. Bd4 (55. Bb2 Nb6) 55... Bb4) 55. Re1 {[#]} (55. Rf1 $11) 55... Nxc3 (55... Rc8 $1 $17 56. Bxg7 {[#]} Bb4 $1 {[%mdl 64] Skewer} 57. Rxd5 Bxe1) 56. Rxd8+ Kh7 57. Rb8 b2 58. Rf1 ({But not} 58. Rc8 Bb4 $17) 58... Bg6 59. Nf4 $1 {aiming for Rb3.} b1=Q (59... Be4 $1 $15 60. Nh5 f6) 60. Rfxb1 {The position is equal.} Bxb1 61. Rb3 $1 {[%cal Rb3a3]} Bd6 62. Nh3 $1 Be5 {...f6 is the strong threat.} 63. Ng5+ Kg6 64. Nf3 Bf6 {Threatens to win with ...Ba2.} 65. g5 $1 {[%cal Rg5f6]} Bxg5 66. Nxg5 Kxg5 67. Rxc3 {[%mdl 4096] Endgame KR-KB} f5 68. Kh2 Be4 69. Kg3 Bb1 70. Rc6 Be4 {( -> ...f4+)} 71. Rb6 (71. Rc5 {looks sharper.} Bd3 72. Ra5 Kf6 73. Kh3 Kg5 74. Ra7) 71... Bd3 (71... f4+ {is interesting.} 72. Kf2 g6 73. Rb5+ Kf6 74. Rc5 g5) 72. Rb7 g6 73. Rb6 Be4 74. Kf2 Bc2 75. g3 Bd1 76. Rc6 Bh5 77. Rd6 Bg4 78. Rd8 Bh5 {Black defended with fortune.  Weighted Error Value: White=0.62/Black=0.50} 1/2-1/2

[Event "Mitropa Online Cup Women 2021"]
[Site "Hybrid"]
[Date "2021.05.04"]
[Round "2.14"]
[White "Urh, Zala"]
[Black "Petrova, Kristyna"]
[Result "0-1"]
[WhiteElo "2173"]
[BlackElo "2303"]
[Annotator "TA"]
[PlyCount "98"]
[EventDate "2021.05.04"]
[EventType "team-tourn"]
[EventCountry "NET"]
[SourceTitle "playchess.com"]
[Source "ChessBase"]
[SourceQuality "1"]
[WhiteTeam "Slovenia"]
[BlackTeam "Czech Republic"]
[WhiteTeamCountry "SLO"]
[BlackTeamCountry "CZE"]

{[%evp 21,98,29,25,15,17,21,16,22,16,0,33,-62,-31,-56,-68,-58,-58,-86,-67,-63,-46,-111,-104,-156,-165,-158,-181,-166,-122,-159,-149,-160,-97,-156,-154,-221,-152,-140,-93,-97,-108,-100,-66,-64,-70,-91,-56,-75,-72,-72,-65,-67,-62,-61,-58,-58,-31,-75,-58,-185,-151,-217,-213,-395,-387,-951,-947,-851,-830,-1025,-953,-2372,-1441,-29972,-4627,-29978,-29978,-29975,-29973]} 1. d4 Nf6 2. c4 c5 3. d5 e6 4. Nc3 exd5 5. cxd5 d6 6. Nf3 g6 7. Bf4 Bg7 8. Qa4+ Bd7 9. Qb3 Qc7 10. e4 O-O 11. Be2 b5 12. Bxb5 {Threatening 0-0. A70: Modern Benoni: 6 e4 g6 7 Nf3.} Nxe4 13. Nxe4 Qa5+ 14. Nfd2 {The position is equal.} Bxb5 15. Nxd6 Ba6 {[#]} 16. N6c4 $146 (16. O-O-O $14) ({Predecessor:} 16. O-O-O Nd7 17. N2c4 Bxc4 18. Nxc4 Qa6 19. Rhe1 Nb6 20. Na3 Na4 21. Nc4 Nb6 22. Na3 Na4 {½-½ (22) Khenkin,I (2605)-Nagy,G (2403) Hastings 2016}) 16... Re8+ (16... Bxc4 $5 17. Qxc4 Re8+ 18. Be3 Nd7 $15) 17. Be3 Bxc4 18. Qxc4 Nd7 $1 {[%cal Bb8d7,Bd7e5,Be5d3][%mdl 32]} ({Don't play} 18... Bxb2 19. Rd1 $11) 19. Rd1 Ne5 ({Reject} 19... Bxb2 $6 20. O-O $11) 20. Qe2 Qxa2 21. O-O (21. b3 $1 $15) 21... Qxd5 $17 22. Qb5 (22. b3 $142) 22... Reb8 $36 {[%mdl 2048] Keeping White busy.} 23. Qxc5 Qxc5 24. Bxc5 Nd3 25. Ba3 Nxb2 26. Rc1 Rc8 (26... a5 $142 27. g3 a4) 27. Ne4 ({White should play} 27. Rxc8+ Rxc8 28. Rb1) 27... a5 28. Nd6 (28. Rxc8+ $17 {was called for.} Rxc8 29. g4) 28... Rxc1 29. Rxc1 Be5 30. Kf1 Nd3 ({And not} 30... Bxh2 31. g3 $16) 31. Rd1 Bxd6 32. Bxd6 {[%mdl 4096] Endgame KRB-KRN} Nb4 33. Ra1 {Threatens to win with Bxb4.} Nd5 (33... Nc6 {with more complications.} 34. Rc1 Ra6 35. Ba3 Kg7 36. g4 Kf6) 34. Ke2 f5 35. Kd3 Rd8 36. Be5 Nf4+ {[%mdl 64] [#] Discovered Attack (Double check)} 37. Kc4 Nxg2 38. Rxa5 Rd7 39. Kc5 Kf7 40. Kc6 {Loses the game.} ({Better is} 40. Ra3 $15) 40... Ke6 41. f4 (41. Ra2 $17) 41... Rd2 $19 42. Ra7 $2 (42. Ra6 Rc2+ 43. Kb5+ Kd5 44. Ra7) 42... g5 43. fxg5 $2 (43. Bb8 gxf4 44. Ra3) 43... Rc2+ 44. Kb5 Kxe5 45. Rxh7 f4 46. Rf7 Nh4 47. h3 Rg2 (47... f3 $142 48. Re7+ Kf4 49. Rd7 f2 50. Rd1 Kxg5 51. Rf1 Nf5 52. Kb6 Ne3 53. Rxf2 Rxf2 54. Kc5 Rd2 55. Kc6 Kh4 56. Kc7 Kh5 57. Kc8 Nf5 58. Kb7 Rc2 59. Kb8 Nd6 60. Ka7 Rc6 61. Ka8 Kg6 62. Kb8 Kf7 63. Ka8 Ke7 64. h4 Kd7 65. Kb8 Rb6+ 66. Ka8 Kc7 67. Ka7 Nb5+ 68. Ka8 Rb8#) 48. Rh7 {[#]} f3 $1 49. Re7+ Kf4 {Weighted Error Value: White=0.91/Black=0.30} 0-1

[Event "Mitropa Online Cup Women 2021"]
[Site "Hybrid"]
[Date "2021.05.04"]
[Round "2.15"]
[White "Worek, Joanna"]
[Black "Hrescak, Ivana"]
[Result "1-0"]
[WhiteElo "2322"]
[BlackElo "2201"]
[Annotator "NA"]
[PlyCount "79"]
[EventDate "2021.05.04"]
[EventType "team-tourn"]
[EventCountry "NET"]
[SourceTitle "playchess.com"]
[Source "ChessBase"]
[SourceQuality "1"]
[WhiteTeam "Czech Republic"]
[BlackTeam "Slovenia"]
[WhiteTeamCountry "CZE"]
[BlackTeamCountry "SLO"]
[TimeControl "40/5400+30:1800+30"]

1. e4 {[%emt 0:00:00]} c5 {[%emt 0:00:07]} 2. Nf3 {[%emt 0:00:09]} d6 {[%emt 0:00:19]} 3. d4 {[%emt 0:00:06]} cxd4 {[%emt 0:00:13]} 4. Qxd4 {[%emt 0:00:07]} a6 {[%emt 0:00:54]} 5. Be2 {[%emt 0:00:58]} Nc6 {[%emt 0:00:20]} 6. Qe3 {[%emt 0:00:07]} g6 {[%emt 0:00:33]} 7. O-O {[%emt 0:00:36]} Bg7 {[%emt 0:00:22]} 8. c4 {[%emt 0:02:44]} Nf6 {[%emt 0:00:31]} 9. h3 {[%emt 0:00:31]} O-O {[%emt 0:00:56]} 10. Rd1 {[%emt 0:02:06]} Qa5 {[%emt 0:02:25]} 11. Nc3 {[%emt 0:01:00]} Be6 {[%emt 0:02:22]} 12. Nd5 {[%emt 0:07:25]} Bxd5 {[%emt 0:04:35]} 13. cxd5 {[%emt 0:03:13]} Nb8 {[%emt 0:00:22]} 14. Bd2 {[%emt 0:10:40]} Qd8 {[%emt 0:00:41]} 15. Bc3 {[%emt 0:00:50]} Nbd7 {[%emt 0:01:02]} 16. Bd4 {[%emt 0:06:28]} Rc8 {[%emt 0:04:05]} 17. b4 {[%emt 0:01:09]} Qc7 {[%emt 0:04:14]} 18. Nd2 {[%emt 0:06:21]} Qb8 {[%emt 0:07:34]} 19. a4 {[%emt 0:04:02]} Ne8 {[%emt 0:04:36]} 20. Nb3 {[%emt 0:07:27]} Bxd4 {[%emt 0:04:08]} 21. Nxd4 {[%emt 0:00:25]} Nef6 {[%emt 0:00:30]} 22. a5 {[%emt 0:04:14]} Rc7 {[%emt 0:02:36]} 23. Ra3 {[%emt 0:09:18]} Ne5 {[%emt 0:03:23]} 24. Rb3 {[%emt 0:01:53]} Rfc8 {[%emt 0:05:01]} 25. f4 {[%emt 0:02:18]} Ned7 {[%emt 0:00:59]} 26. Kh2 {[%emt 0:03:51]} Qa7 {[%emt 0:07:09]} 27. Bf3 {[%emt 0:01:42]} Qb8 {[%emt 0:03:40]} 28. e5 {[%emt 0:03:30]} dxe5 {[%emt 0:05:05]} 29. fxe5 {[%emt 0:00:07]} Rc4 {[%emt 0:02:46]} 30. d6 {[%emt 0:00:27]} Ne8 {[%emt 0:03:43]} 31. Bd5 {[%emt 0:00:20]} Ng7 {[%emt 0:06:52]} 32. Bxc4 {[%emt 0:05:34]} Rxc4 {[%emt 0:00:10]} 33. dxe7 {[%emt 0:00:21]} Nxe5 {[%emt 0:03:10]} 34. Kh1 {[%emt 0:03:00]} Rc8 {[%emt 0:01:09]} 35. Re1 {[%emt 0:02:23]} Nc4 {[%emt 0:01:08]} 36. Qg5 {[%emt 0:06:06]} Re8 {[%emt 0:02:58]} 37. Qd5 {[%emt 0:00:37]} Nd6 {[%emt 0:01:11]} 38. Rc3 {[%emt 0:02:01]} Ndf5 {[%emt 0:01:22]} 39. Nxf5 {[%emt 0:00:11]} Nxf5 {[%emt 0:00:08]} 40. Qd7 {[%emt 0:00:00]} 1-0